Reports of agents and superintendents in charge of Indians : Washington.

Bibliographic Details
Corporate Author: United States. Office of Indian Affairs
Format: Government Document eBook
Language:English
Published: [Washington] : [publisher not identified], 1908.
Subjects:
Online Access:Connect to the full text of this electronic document

MARC

Tag First Indicator Second Indicator Subfields
LEADER 00000cam a22000001a 4500
001 in00003640621
005 20190408171341.0
006 m o d f
007 cr bn mmmapmmp
008 141128s1908 dcu o f000 0 eng d
035 |a ebd1909302709 
040 |a UMI  |c UMI  |d UtOrBLW 
086 0 |a I 20.15:908/[12] 
099 |a I2015-2.12 
110 1 |a United States.  |b Office of Indian Affairs.  |0 http://id.loc.gov/authorities/names/n83125651 
245 1 0 |a Reports of agents and superintendents in charge of Indians :  |b Washington. 
264 1 |a [Washington] :  |b [publisher not identified],  |c 1908. 
300 |a 1 online resource (13 pages) 
336 |a text  |b txt  |2 rdacontent 
337 |a computer  |b c  |2 rdamedia 
338 |a online resource  |b cr  |2 rdacarrier 
500 |a State reports are compilations of individual reports on the condition of Indians and the operations of specific Indian agencies and schools, often with data on population, vital statistics, and education. Additional data on agricultural production, land area and tenure, tribe finances, and language ability are sometimes included. 
533 |a Electronic reproduction.  |b [Bethesda, Md.] :  |c ProQuest,  |d 2014.  |e digital, PDF file.  |n ProQuest U.S. Executive Branch Documents  |n Mode of access: World Wide Web via ProQuest website. 
588 |a Record is based on online resource; title from PDF title page (ProQuest, last viewed Nov. 2014). Reuse except for individual research requires license from ProQuest, LLC. 
500 |a Electronic resource. 
651 0 |a Washington (State)  |0 http://id.loc.gov/authorities/names/n79027224 
655 7 |a Electronic books.  |2 local 
856 4 0 |u http://proxy.library.tamu.edu/login?url=http://congressional.proquest.com/congressional/docview/t66.d71.i2015-2.12  |z Connect to the full text of this electronic document  |t 0 
999 f f |s 44ff7178-3b67-3765-8a35-57098f432857  |i 17ce3b34-bc56-310f-a0d9-330bfbaa4154  |t 0 
952 f f |a Texas A&M University  |b College Station  |c Electronic Resources  |d Available Online  |t 0  |h No information provided 
998 f f |t 0  |l Available Online